Catálogo público

Les maladies et les parasites de la vigne (Record no. 71123)

MARC details
000 -CABECERA
campo de control de longitud fija 01022nam a22003017a 4500
003 - IDENTIFICADOR DEL NÚMERO DE CONTROL
campo de control CHAP
005 - FECHA Y HORA DE LA ÚLTIMA TRANSACCIÓN
campo de control 20220329141622.0
008 - DATOS DE LONGITUD FIJA--INFORMACIÓN GENERAL
campo de control de longitud fija 971013s1977 r 00010 d
010 ## - NÚMERO DE CONTROL DE LA BIBLIOTECA DEL CONGRESO
Número de control de LC 71123
011 ## - ENLACE DEL NUMERO DE CONTROL DE LA BIBLIOTECA DEL CONGRESO [OBSOLETO]
Número de control de LC 72095
035 ## - NÚMERO DE CONTROL DEL SISTEMA
Número de control de sistema 81649
040 ## - FUENTE DE LA CATALOGACIÓN
Centro/agencia transcriptor CHAP
082 ## - NÚMERO DE LA CLASIFICACIÓN DECIMAL DEWEY
Número de clasificación 634.81
Número de documento/Ítem G3
100 00 - ENTRADA PRINCIPAL--NOMBRE DE PERSONA
Nombre de persona Galet, Pierre.
9 (RLIN) 44236
245 ## - MENCIÓN DE TÍTULO
Título Les maladies et les parasites de la vigne
260 ## - PUBLICACIÓN, DISTRIBUCIÓN, ETC.
Lugar de publicación, distribución, etc. Montpellier :
Nombre del editor, distribuidor, etc. Payson du Midi,
Fecha de publicación, distribución, etc. 1977
300 ## - DESCRIPCIÓN FÍSICA
Extensión 2 v.
Otras características físicas : ilus.
505 ## - NOTA DE CONTENIDO CON FORMATO
Nota de contenido con formato Contenido : v.1 Les maladies dues á des vegetaux.- v.2 Les parasites animaux
590 ## - NOTA LOCAL (RLIN)
Nota local BATCH-UPD
Procedencia (VM) [OBSOLETO] 10
Condición del los carretes individuales (VM) [OBSOLETO] 20130110
-- UCH01
-- 0125
590 ## - NOTA LOCAL (RLIN)
Nota local BATCH-UPD
Procedencia (VM) [OBSOLETO] 10
Condición del los carretes individuales (VM) [OBSOLETO] 20130110
-- UCH01
-- 1030
590 ## - NOTA LOCAL (RLIN)
Nota local CONVERSION
Procedencia (VM) [OBSOLETO] 10
Condición del los carretes individuales (VM) [OBSOLETO] 20130109
-- UCH01
-- 1339
650 14 - PUNTO DE ACCESO ADICIONAL DE MATERIA--TÉRMINO DE MATERIA
Término de materia o nombre geográfico como elemento de entrada Vid
Subdivisión general Enfermedades.
9 (RLIN) 119108
650 14 - PUNTO DE ACCESO ADICIONAL DE MATERIA--TÉRMINO DE MATERIA
Término de materia o nombre geográfico como elemento de entrada Vid
Subdivisión general Plagas.
9 (RLIN) 119131
901 ## - ELEMENTOS DE DATOS A LOCAL LDA (RLIN)
a BK
942 ## - ELEMENTOS DE PUNTO DE ACCESO ADICIONAL (KOHA)
Tipo de ítem Koha Libro
949 ## - PROCESAMIENTO DE INFORMACIÓN LOCAL (OCLC)
a 634.81 G3
b BC
c LIBRO
d 33724000211249
e LIBRO
f v.1
h 58160
i 81649
m Directo
s i
t 3600.00
949 ## - PROCESAMIENTO DE INFORMACIÓN LOCAL (OCLC)
a 634.81 G3
b BC
c LIBRO
d 33724000397238
e LIBRO
f v.2
h 58161
i 81649
m Directo
s i
t 3600.00
Holdings
Estado de retiro Estado de pérdida Fuente del sistema de clasificación o colocación Estado dañado Restricciones de uso No para préstamo Código de colección Localización permanente Ubicación/localización actual Ubicación en estantería Fecha de adquisición Información codificada de la localización en otra ubicación Total de préstamos Signatura topográfica completa Código de barras Fecha visto por última vez Número de copia Precio válido a partir de Tipo de ítem Koha
    Dewey Decimal Classification   Préstamo 15 días   General Biblioteca Central Biblioteca Central Planta principal - Colección General 31/12/2019 LIBRO   634.81 G3 33724000211249 31/12/2019 v.1 31/12/2019 Libro
    Dewey Decimal Classification   Préstamo 15 días   General Biblioteca Central Biblioteca Central Planta principal - Colección General 31/12/2019 LIBRO   634.81 G3 33724000397238 31/12/2019 v.2 31/12/2019 Libro